Stations de la ligne A du tramway de Bordeaux - Statistiques

Statistiques générales
  • Ce quiz a été pris 20 fois
  • Le résultat moyen est 25 sur 40
Statistiques - réponses
Hint Réponse % Correct
B F Hôtel de Ville de Bordeaux
92%
F Sainte-Catherine
92%
E Jardin Botanique
85%
F Mériadeck
85%
C D E F Porte de Bourgogne
85%
E Stalingrad
85%
E Buttinière
77%
E SNCF Cenon gare
77%
F Stade Chaban Delmas
77%
E Galin
69%
F Hôpital Pellegrin
69%
F Hôtel de Police
69%
E Jean Jaurès
69%
Le Haillan Rostand
69%
Mérignac Centre
69%
F Palais de Justice
69%
F Quatre Chemins
69%
E Carnot - Mairie de Cenon
62%
F SNCF Fontaine d'Arlac
62%
F François Mitterrand
62%
Iris
62%
Pin Galant
62%
F Place du Palais
62%
F Saint-Bruno - Hôtel de Région
62%
La Gardette / Bassens / Carbon Blanc
54%
Lycées de Mérignac
54%
F Saint-Augustin
54%
E Thiers-Benauge
54%
Frères Robinson
46%
F Gaviniès
46%
Gravières
46%
Lauriers
46%
Mairie de Lormont
46%
F Peychotte
46%
F Pierre Mendès France
46%
F Alfred de Vigny
38%
Bois Fleuri
38%
Carriet
38%
Hôtel de Ville Mérignac
38%
Les Pins
38%
Aucun quiz correspondant
Distribution des résultats
% des personnes avec chaque résultat
Percentile par nombre de réponses
Votre historique - résultats
Vous n’avez pas pris ce quiz